000 00495 a2200145 4500
999 _c5479
_d5479
020 _a9780073402000
050 _aR 728.8 SAN 2010
100 _aSanderson, Susan M.
_eAuthor
245 _aCase studies for the medical office:
_bcapestone billing simulation /
_cSusan M. Sandrson
264 _aBoston:
_bMcGraw Hill Higher Education,
_c♭2010
300 _axvi, 261p. :
_bill. (col.)
500 _aIncludes index
650 _aMedical offices--Management
942 _2lcc
_cBK
_e5th ed.
_h728.8
_iSAN
_kR